True France : the wars over cultural identity, 1900-1945
Αποθηκεύτηκε σε:
| Κύριος συγγραφέας: | |
|---|---|
| Μορφή: | Βιβλίο |
| Γλώσσα: | English |
| Δημοσίευση: |
Ithaca :
Cornell University Press,
1992
|
| Σειρά: | Wilder House series in politics, history, and culture
|
| Θέματα: | |
| Ετικέτες: |
Προσθήκη ετικέτας
Δεν υπάρχουν, Καταχωρήστε ετικέτα πρώτοι!
|
MARC
| LEADER | 00000cam a2200000 i 4500 | ||
|---|---|---|---|
| 001 | 1/30137 | ||
| 008 | 060524s1992 eng d | ||
| 020 | |a 0-8014-2687-1 ((hbk)) | ||
| 020 | |a 0-8014-8193-7 ((pbk)) | ||
| 035 | |l 10084072 | ||
| 040 | |a GR-MY-UA |b gre |e aacr | ||
| 041 | 0 | |a eng | |
| 082 | 0 | |a 944.081 |2 (22) | |
| 100 | 1 | |a Lebovics, Herman. | |
| 245 | 1 | 0 | |a True France : |b the wars over cultural identity, 1900-1945 / |c Herman Lebovics |
| 260 | |a Ithaca : |b Cornell University Press, |c 1992 | ||
| 300 | |a xix, 221 σ.; |b εικ., χάρτ.; |c 24 εκ. | ||
| 490 | 1 | |a The Wilder House series in politics, history, and culture | |
| 504 | |a Περιέχει βιβλιογραφία (σ. [205]-210) και ευρετήριο | ||
| 650 | 0 | 0 | |a Politics and culture |z France |x History |y 20th century. |
| 651 | 0 | |a France |x Civilization |y 20th century. | |
| 651 | 0 | |a France |x Colonies |x History |y 20th century. | |
| 651 | 0 | |a France |x Cultural policy |x History |y 20th century. | |
| 651 | 0 | |a France |x Ethnic relations. | |
| 830 | 0 | |a Wilder House series in politics, history, and culture | |
| 852 | |a INST |b LESVOS |e 20060524 |h 944.081 LEB |p 005100035041 |q 005100035041 |t BK |y 0 | ||
| 901 | |a BIBL1-2006-2 | ||
| 909 | |a Λ |b 126525 | ||
| 970 | |a ΚΑΡΑ |b ΓΙΑΣΕΜΗ |z 2006/05/24 | ||